[Event "EU Club Cup; Novi Sad"]
[Site "?"]
[Date "2016.11.12"]
[Round "6"]
[White "Van Kemenade, R."]
[Black "Karrauill, F."]
[Result "0-1"]
[WhiteElo "1969"]
[BlackElo "1931"]
[Annotator "Rudy"]
[PlyCount "154"]
[EventDate "2016.11.17"]

1. f4 Nc6 2. Nf3 Nf6 3. g3 d5 4. Bg2 Bg4 5. h3 (5. O-O Qd7 6. Ne5) 5... Bxf3 6.
Bxf3 e6 (6... e5 {played, expected}) 7. d4 (7. c3 Bd6 8. O-O Ne4 9. Kg2 f5 10.
d3 Nf6 11. Nd2 $11 h6 12. e4 {Groetzinger-Skiera, Rhein-Main op Bad Homburg
2012,1-0}) 7... a6 (7... Ne4 {expected} 8. Bxe4 dxe4 9. c3) 8. e3 Be7 9. O-O
O-O 10. Nd2 Nd7 11. c4 $14 Nf6 12. a3 b5 13. cxb5 (13. b3) 13... axb5 14. Qc2 (
14. Nb3 {considered} b4 $11) 14... Na5 15. b3 Qd7 16. Bb2 $11 Rfc8 17. Qd3 {
preventing c5} g6 18. Rfc1 c6 19. Kh2 {a waiting move & ready to build up on
the K side} Nb7 20. e4 (20. b4 Nd6 $15) (20. a4 b4 (20... Bb4 21. Bc3 Bxc3 22.
Qxc3 Qd8 $11) 21. e4 $14 {Komodo10}) 20... Ne8 (20... dxe4 21. Nxe4 Nd5 22. Nc5
Nxc5 23. dxc5 Bf6 $11) 21. Be2 {aimed against c5} (21. e5 c5 22. dxc5 Nxc5 23.
Qe3 Qd8 24. Bd4 Nd7 25. Rxc8 Rxc8 26. Be2 b4 27. a4 h5 $16 {Komodo10}) 21...
Bf6 {provoking what Wh wants to play} (21... dxe4 22. Nxe4 Nc7 $11) 22. e5 Be7
23. b4 {now the Bl N can no longer get to c4 via d6} Ng7 24. g4 Bf8 25. Rg1 Kh8
26. Raf1 Be7 27. Qe3 {to push through f5 with a B on d3} f5 28. g5 {in order
to transfer forces down the h file} (28. exf6 Bxf6 29. Nf3 Nd6 $11 {Komodo10})
(28. Bd3 Rf8 $16 {but no clear plan for Wh} (28... fxg4 29. hxg4 h5 30. f5 $18
{Komodo10})) 28... Qe8 29. Rg2 Qf7 30. Rh1 Rg8 31. Kg1 Ra6 32. Kf2 Raa8 33. Nf1
{preparing h4-5} Ra4 34. Ng3 $2 (34. h4 $18 {Komodo10} Bxb4 35. axb4 Rxb4 36.
Ba3 Ra4 37. Bd1 Ra5 38. h5 $18) (34. Qc3 {considered, which would prevent Bl's
next. However Wh didnt wish to encourage the b7 N to go to f7}) 34... Bxb4 $5 {
desperation, but Bl had better on the other side} (34... Bxg5 $1 35. fxg5 f4
36. Qc1 fxg3+ 37. Kxg3 Rf8 38. Rf1 Nf5+ 39. Kh2 Nd8 $11 {Komodo10}) 35. axb4
Rxb4 36. Qc3 (36. Ba3 $1 {Komodo10} Ra4 37. Qc3 Qd7 38. Rb1 Rga8 39. Bb4 Na5
40. Kg1 Nc4 $18 {but Bl can resist for a long time}) 36... Rc4 $5 {continuing
the theme} (36... Ra4 37. Qxc6 $18) (36... c5 {Komodo10} 37. Qd2 $1 (37. Rd1
Qd7 38. Kg1 Rc8 39. Ba3 (39. dxc5 Rxf4 40. c6 Rxc6 41. Qe3 Rfc4 42. Bxc4 bxc4
43. Bd4 $18) 39... Ra4 40. dxc5 Rxf4 {similar; Komodo10})) 37. Bxc4 dxc4 38.
Ra1 (38. h4 {continuing the attack may be an easier line to play} Nh5 (38... c5
39. h5 Nxh5 40. Nxh5 cxd4 41. Qxd4 Rd8 42. Qb6 gxh5 43. Rgh2 Rd2+ 44. Ke1 Rxh2
45. Rxh2 $18 {Komodo10; although the position is wide open. Wh is a R up & the
Bl N useless on b7}) 39. Nxh5 gxh5 40. Ra1 Qe8 (40... c5 41. Ra7 $18 (41. d5
$18)) 41. Ra7 Qb8 42. Qa3 b4 43. Qa6 Nd8 44. Re7 Rg7 45. Rxg7 Kxg7 46. Qxc4 $18
{Komodo10}) 38... Qc7 39. Qb4 {preventing c5} (39. Ra7 c5 40. Qa3 Rb8 41. Qa6
Qd7 42. dxc5 (42. Ne2 cxd4 43. Bxd4 Nh5 44. Qd6 Qc8 45. Qb6 Nd8 46. Rc7 Rxb6
47. Rxc8 $18 {Komodo10})) 39... Rd8 40. Ba3 {going for back rank tactics &
hoping to swap Qs on e7} (40. Bc3 {Bl has nothing, though Wh was wary of a Bl
Q entry via d5 & e4}) (40. Kg1 $18 {anticipates K problems & brings g2 R into
play}) 40... Qd7 41. Rd1 $2 {making life very difficult for Wh, allowing the
move that has been repressed for so long} (41. Ne2 Qd5 42. Qe7 $18) (41. Bb2 c5
42. dxc5 Qd5 43. Qxb5 Nxc5 44. Kg1 $18) 41... c5 42. Qd2 (42. Qb2 cxd4 43. Rb1
d3 44. Rgg1 d2 45. Rgd1 Na5 46. Bc5 Nb3 47. Bb6 Rb8 48. Be3 $18 {Komodo10}) (
42. dxc5 Qxd1 43. c6 Rd2+ $19) 42... cxd4 43. Bb2 (43. h4 Qd5 44. Ne2 d3 45.
Nc3 Qc6 46. Qe3 Na5 47. Be7 Rd7 48. Qc5 $16 {Komodo10}) 43... d3 44. Qb4 $11
Qc6 45. Ba3 (45. Kg1 Qb6+ 46. Kh2 Na5 47. Bd4 Qxd4 48. Qxa5 Nh5 (48... c3 49.
Ne2 $18) 49. Ne2 Qd7 50. Rf2 Rb8 51. Ng3 Qd4 52. Rdf1 Nxg3 53. Kxg3 c3 54. Qc7
Rg8 55. Ra2 d2 56. Ra7 Qe3+ 57. Kh2 Qxa7 58. Qxa7 c2 59. Qe7 d1=Q 60. Qf6+ $11
{Komodo10}) 45... Qb6+ 46. Kf1 $6 (46. Kf3 Qc6+ 47. Kf2 Qb6+ $11) 46... Qe3 47.
Qd2 (47. Nh1 Nh5 48. Bc1 Qd4 49. Ra2 Nc5 50. Nf2 Rc8 51. Qxb5 Ng3+ 52. Kg2 Nge4
53. Nxe4 Qxe4+ 54. Kh2 c3 55. Rf1 Qd4 56. Ra7 d2 57. Rc7 Rxc7 58. Qb8+ Kg7 59.
Qxc7+ Nd7 60. Bxd2 Qxd2+ 61. Kg3 c2 62. Qd6 Qe3+ 63. Kh4 c1=Q 64. Qxd7+ Kf8 65.
Qd8+ $11 {perpetual; Komodo10}) 47... Qxd2 (47... Qf3+ 48. Kg1 c3 $1 {seen too
late by Wh} 49. Qc1 d2 50. Qc2 Qd3 51. Qxd3 Rxd3 52. Kf1 Rd4 53. Bc1 Rxf4+ 54.
Rf2 dxc1=Q 55. Rxc1 Rc4 56. Ra2 Nh5 57. Ne2 b4 58. Ra4 $14 {Komodo10}) 48.
Rgxd2 $16 Na5 49. Be7 (49. Ra2 Nb3 50. Bb4 $18 {Komodo10}) (49. Rb2 Rd5 50. Bb4
Nc6 51. Ke1 Ne8 52. Bc3 Nc7 53. Nf1 $16 {Komodo10}) 49... Rc8 50. Bb4 (50. Ra2
Nc6 51. Bd6 Ne8 52. Ra6 Nd4 53. Ke1 $16 {Komodo10}) 50... Nc6 51. Bc3 (51. Rb2
Ne8 52. Bc3 Nc7 53. Rc1 Ne7 54. Ke1 $14 {Komodo10}) 51... b4 52. Ba1 (52. Bb2
Na5 53. Ke1 Nb3 54. Rb1 Ne8 55. Bc1 Nxd2 56. Kxd2 Nc7 57. Rxb4 Nd5 58. Ra4 Nxf4
59. Kc3 Nd5+ 60. Kd2 Rc7 $11 {Komodo10}) 52... Na5 (52... b3 53. Bc3 Ne8 54.
Ke1 Nc7 55. Rc1 Nd5 56. Nf1 Nxf4 57. Ne3 Nd5 58. Nxc4 Nxc3 59. Rxd3 (59. Rxc3
Nxe5 60. Nxe5 Rxc3 61. Nxd3 Kg7 $11 {Komodo10})) 53. Ra2 (53. Kf2 Ne8 54. Nf1
Nc7 55. Ne3 Nd5 (55... Nb5 56. Nxc4 Rxc4 57. Rxd3 Nc6 58. Rd6 Kg8 59. Ke3 Nc7
60. Kd3 Na5 61. Bb2 Nd5 62. Ra6 Rc5 63. Bd4 Nxf4+ 64. Ke3 Nd5+ 65. Kf3 Rb5 66.
Rc1 $18 {Komodo10}) 56. Nxd5 exd5 57. e6+ Kg8 58. Bf6 $18 {Komodo10}) 53... Nb3
54. Ke1 (54. Rb2 Nxa1 55. Rxa1 c3 56. Rxb4 c2 57. Ke1 c1=Q+ 58. Rxc1 Rxc1+ 59.
Kd2 Rc8 60. Kxd3 $11 {Komodo10}) 54... Ne8 {Wh misinterpreted this move as
purely defensive , to obstruct the backrank} (54... c3 55. Bxc3 bxc3 56. Rxd3
Nc1 57. Rxc3 Rxc3 58. Ra8+ Ne8 59. Rxe8+ Kg7 60. Ne2 Re3 61. Kd2 Rxe2+ 62. Kxc1
Rf2 $11 {Komodo10}) 55. Bb2 (55. Nf1 {anticipates the N getting to d5, however}
c3 56. Bxc3 bxc3 57. Rxd3 Nc1 58. Rxc3 Rxc3 59. Ra8 Rxh3 60. Rxe8+ Kg7 61. Rxe6
Nd3+ 62. Kd2 Nxf4 $17 {Komodo10}) (55. Ra4 {original idea} Rb8 56. Ra7 Rd8 57.
Nf1 c3 58. Bb2 cxb2 59. Nd2 Nc1 60. Nb1 Rc8 61. Rb7 b3 62. Rd2 Kg8 63. Rxb2 Rc2
64. R2xb3 Nxb3 65. Rxb3 Nc7 66. Rxd3 Nd5 67. Na3 Rc1+ 68. Kd2 Rf1 69. Nb5 Rxf4
$17 {Komodo10}) (55. Ra6 {Komodo10} c3 56. Bxc3 Nc5 57. Rc6 Rxc6 58. Bxb4 Na6
59. Be7 Nec7 60. Rxd3 Nd5 61. Ba3 Nc5 62. Bxc5 Rxc5 63. Ne2 Rc4 64. Ra3 h5 65.
Ra6 Re4 66. Kf2 h4 67. Kf3 Kg8 68. Ra8+ Kg7 69. Ra7+ Kg8 70. Ra8+ Kf7 71. Ra7+
Ke8 72. Rh7 (72. Rg7 Re3+ 73. Kf2 Rxh3 74. Rxg6 Rh2+ 75. Kf3 Rxe2 $19) 72...
Re3+ 73. Kf2 Rxh3 $15 {Komodo10}) 55... Nc7 $17 56. Nf1 Nd5 (56... c3 57. Rxd3
Nd5 58. Ne3 Nxf4 59. Rd1 Nc5 60. Bxc3 Ncd3+ 61. Kf1 bxc3 62. Rda1 Nxh3 63. Ra8
Rxa8 64. Rxa8+ Kg7 65. Ra7+ Kg8 66. Ra8+ Kf7 67. Ra7+ Ke8 68. Rxh7 Nxg5 69. Rc7
Ne4 $19 {Komodo10}) 57. Ra4 (57. Nd2 Nc3 58. Bxc3 bxc3 59. Nxc4 c2 60. Ra4 Nc5
61. Rb4 d2+ (61... Ne4 62. Ra1 h5 63. Rb3 d2+ 64. Nxd2 c1=Q+ 65. Rxc1 Rxc1+ 66.
Ke2 Nc3+ 67. Kf3 Nd5 $15) 62. Kxd2 cxd1=Q+ 63. Kxd1 Nd3 64. Rb3 Rxc4 65. Rxd3
Rxf4 66. Rd6 Kg7 67. Rxe6 Kf7 68. Rf6+ Ke7 69. Ke2 Rh4 70. Ke3 Rxh3+ 71. Kd4
Rh1 $15 {Komodo10} (71... Rg3 72. Ra6 Rxg5 73. Kd5 Rg1 74. Ra7+ Kd8 75. Rxh7
$11 (75. e6 $11))) 57... Nc5 (57... c3 58. Ra2 cxb2 (58... Nxf4 $19) 59. Rxb2
Rc2 60. Rxd3 (60. Rxb3 Re2#) 60... Rxb2 $19 {Komodo10}) 58. Ra5 Ne4 $19 (58...
c3 59. Rb1 d2+ 60. Nxd2 Nd3+ 61. Ke2 N5xf4+ 62. Ke3 Nxb2 63. Nb3 Nd5+ 64. Ke2
Nc4 $19 {Komodo10}) 59. Rda1 (59. Bc1 Ndc3 60. Rd2 Nxd2 61. Nxd2 Ne2 62. Kd1
Nxf4 $19 {Komodo10}) 59... c3 (59... Nxf4 $19) 60. Bc1 b3 61. Ra8 Rxa8 62.
Rxa8+ Kg7 63. Ra7+ Kf8 64. Rb7 b2 65. Bxb2 d2+ 66. Nxd2 cxd2+ 67. Ke2 (67. Kd1
Ne3+) 67... Nxf4+ 68. Kd1 Nxh3 69. Bd4 Nhxg5 70. Ke2 h5 71. Be3 Nf3 72. Rc7 (
72. Rd7 Ke8 73. Rd3 Nxe5) 72... g5 73. Rc6 Kf7 74. Rc7+ Ke8 75. Bxd2 Nfxd2 76.
Rh7 h4 77. Rh5 Nc4 (77... Ng3+) 0-1

[Event "32nd European Club Cup"]
[Site "Novi Sad"]
[Date "2016.11.11"]
[Round "6"]
[White "Mejdini, Murat"]
[Black "Heap, Gerry"]
[Result "0-1"]
[WhiteElo "1989"]
[BlackElo "2060"]
[Annotator "Rudy"]
[PlyCount "84"]
[EventDate "2016.11.06"]

1. d4 Nf6 2. Bf4 c5 3. c3 g6 (3... Qb6 {main}) 4. e3 Bg7 5. Nf3 Qb6 6. Qb3 Qxb3
7. axb3 cxd4 8. exd4 d6 9. Bc4 (9. Nbd2) 9... O-O 10. Nbd2 Nc6 11. O-O (11. d5
Nb8 12. O-O Nbd7 13. Bg5 h6 14. Bxf6 Bxf6 15. Rfe1 Ne5 16. Nxe5 Bxe5 17. Nf3
Bf6 $11 {Collado Pallas-Serra Pages, Catalunya ch tm 2003,0-1}) 11... Nh5 (
11... e5 12. dxe5 Nh5 13. Be3 dxe5 14. Bc5 Rd8 15. Ne4 $16 {Ulm-Wilfling, AUT
ch tm 1994,1-0}) (11... Bg4 12. h3 Bxf3 13. Nxf3 d5 14. Bb5 Nd7 15. Bxc6 bxc6
16. b4 $16 {Mendez-Rivero, Najdorf op Buenos Aires 1993,1-0}) 12. Bg5 h6 13.
Be3 Kh7 (13... e6 14. d5 exd5 15. Bxd5 Nf6 16. Bxc6 bxc6 17. Bxa7 Be6 18. Nd4
Bd5 $14 {Komodo10}) 14. d5 Ne5 15. Nxe5 Bxe5 16. Bxa7 $16 {Bl had overlooked
this} Bf5 17. Nf3 Bg7 (17... Bf6) 18. Rfe1 e5 (18... Bf6 19. Nd4 Bd7 20. g3 $16
{Komodo10}) 19. dxe6 fxe6 20. Bxe6 Bxe6 21. Rxe6 Nf4 22. Ree1 (22. Rxd6 {& Bl
was thinking of resigning}) (22. Re7 Kg8 23. Rxb7 $18 {Komodo10}) 22... Nd3 23.
Reb1 {too defensive} (23. Re7 $18) 23... Nxb2 {at least some activity} 24. Rxb2
(24. Bd4 Nd3 25. Bxg7 Kxg7 26. h4 $16 {Komodo10}) 24... Bxc3 25. Rbb1 Bxa1 26.
Rxa1 Rf4 27. Kf1 $2 (27. Ra5 {Gerry} Rf5 28. Rxf5 gxf5 29. Bd4 $14) (27. Nd4 b6
28. Nc6 Rf7 29. b4 b5 30. Kf1 Rc7 31. Ra6 Rxc6 32. Rxc6 Rxa7 33. Rb6 Ra1+ 34.
Ke2 Kg7 35. Rxb5 Kf6 36. Rb8 $14 {Komodo10}) 27... b6 $17 28. Ra6 Rf7 29. Rxb6
Raxa7 30. Rxd6 Ra1+ 31. Ke2 Re7+ 32. Kd3 Rf1 $17 33. b4 Rxf2 34. b5 Rxg2 35.
Nd2 (35. b6 Rf2 36. Nd4 Rxh2 37. Nc6 Rg7 $19 {Komodo10}) 35... Rf2 (35... Rxh2
$19) 36. b6 Rf5 (36... Rxh2) 37. Kc4 (37. Nc4 Rb5 38. Rc6 Rd7+ 39. Ke3 g5 40.
Nd6 Rd5 41. b7 R5xd6 42. Rxd6 Rxb7 $15 {looks like a draw; Komodo10}) 37... Rf2
(37... Rh5 38. Rd8 Rxh2 39. Kb5 Rh1 $19 {Komodo10}) 38. Kb5 Rxh2 39. Nc4 h5 $19
40. Kc6 Rc2 (40... Rh1 $19 {Komodo10}) 41. Kd5 h4 42. Ne5 h3 {reconstruction &
Bl won neatly a couple of moves later} 0-1

[Event "32nd European Club Cup"]
[Site "Novi Sad"]
[Date "2016.11.11"]
[Round "6"]
[White "Mihasi, Erald"]
[Black "Haigh, Tony"]
[Result "1/2-1/2"]
[WhiteElo "1845"]
[BlackElo "1810"]
[Annotator "Rudy"]
[PlyCount "60"]
[EventDate "2016.11.06"]

1. d4 f5 2. e4 fxe4 3. Nc3 Nf6 4. Bg5 b6 (4... Nc6 {main}) 5. Bxf6 (5. f3 {
Martin - Contemporary Anti-Dutch, 1990:83} e3 6. Bxe3 e6 {main}) 5... exf6 6.
Nxe4 (6. Qh5+ g6 7. Qd5 c6 8. Qxe4+ Qe7 9. O-O-O Qxe4 10. Nxe4 d5 $15 {! Wh
win, 2 Bl wins, 6 draws}) 6... Bb7 (6... Qe7 {main} 7. Qe2 Bb7 (7... Ba6 {also
played}) 8. Nd2 (8. Ng3 Qxe2+ $15 {curiously enough is what Andrew Martin 1990:
82 gives as what was played !}) 8... Nc6 9. c3 O-O-O 10. Qxe7 Nxe7 11. O-O-O
$15 {and Bl's Bs became powerful; Ballon-Martin, Edinburgh 1989,0-1}) 7. Ng3 (
7. f3 Qe7 8. Qe2 Ba6 9. c4 d5 10. Nc3 (10. Nd2 dxc4 11. Qxe7+ Bxe7 12. Bxc4
Bxc4 13. Nxc4 Nc6 14. O-O-O O-O-O 15. Ne2 Rd7 $15 {Jakab-Chetverik, Budapest
Spring 1997,1/2-1/2}) 10... Bxc4 11. Qxe7+ Bxe7 12. Bxc4 dxc4 13. Nd5 Bd6 $17 {
Duriez-Murey, Bethune 1998,0-1}) 7... Qe7+ 8. Qe2 Qxe2+ (8... Nc6 9. O-O-O
O-O-O 10. Kb1 Qf7 (10... Qxe2 11. N1xe2 g6 $15 {Komodo10}) 11. a3 Na5 12. Qd2
h5 (12... Nc4 $15) 13. h4 Nc4 14. Qc3 d5 15. Bd3 $15 {Caporale-Ribeiro, Sao
Bernardo do Campo, 2014,1-0}) 9. N1xe2 Nc6 10. c3 (10. O-O-O) 10... O-O-O 11.
O-O-O g6 $15 12. f3 Bh6+ 13. Kb1 Rde8 (13... Ne7 14. c4 d5 15. Nc3 f5 $17 {
Komodo10}) 14. Nc1 Ne7 15. Bc4 Nd5 16. Bxd5 Bxd5 17. Rhe1 Re6 (17... a5 18. Nd3
Bc4 $15 {Komodo10}) 18. Rxe6 Bxe6 19. b3 Re8 20. Nd3 Bf7 21. Kc2 d6 (21... d5
$5) 22. Re1 Rxe1 23. Nxe1 a5 24. Nd3 a4 25. Ne4 (25. bxa4 Bxa2 26. Nb4 Bc4 27.
Ne4 $11 {Komodo10}) 25... axb3+ 26. axb3 Bg7 {here the players agreed a draw.
However, since all draws under 30 moves required an arbiter's permission;
after some delay the players were told to play on.} (26... f5 $6 {Bl's
original idea} 27. Nf6 g5 28. Nxh7 Kd7 29. f4 g4 30. c4 $14) 27. Ndf2 Bg8 28.
Nd3 Bf7 29. Ndf2 Bg8 30. Nd3 Bf7 1/2-1/2

[Event "32nd European Club Cup"]
[Site "Novi Sad"]
[Date "2016.11.12"]
[Round "7"]
[White "Williams, A Howard"]
[Black "Moran, Stephen"]
[Result "1/2-1/2"]
[WhiteElo "2323"]
[BlackElo "2180"]
[Annotator "Rudy"]
[PlyCount "76"]
[EventDate "2016.11.06"]
[WhiteTeam "EDI"]
[BlackTeam "BUT"]

1. d4 Nf6 2. c4 g6 3. Nc3 d5 4. cxd5 Nxd5 5. e4 Nxc3 6. bxc3 Bg7 7. Bc4 c5 8.
Ne2 O-O 9. O-O Nc6 10. Be3 Na5 (10... Qc7) (10... Bg4) (10... cxd4) 11. Bd3 b6
12. Rc1 (12. Qd2 {alternative}) 12... e5 13. dxe5 (13. dxc5 {main}) (13. d5 {
more frequent than text}) 13... Bxe5 14. f4 Bg7 15. Ng3 (15. e5 Be6 16. c4 Qd7
17. Qc2 Rad8 18. Rcd1 Qe7 19. Ng3 (19. Bf2 $11) 19... Rxd3 20. Qxd3 Bxc4 $15 {
Berczes-Flumbort, HUN ch tm 2006,0-1}) 15... Be6 (15... Bg4) 16. Qe2 Bg4 (16...
Bxa2 17. e5 Bd5 18. Rcd1 Bb3 19. Bxg6 $14 {Bakker-Ondersteijn, NED ch tm 2008,
1-0}) 17. Qc2 Be6 (17... Qd7 18. e5 Rad8 19. Ba6 Qc6 20. Rb1 $11 {
Soberano-Weber, olm ICCF 2009,1/2-1/2}) 18. Rcd1 Qe7 19. Qe2 Rad8 20. e5 Bd5 (
20... Rxd3 21. Rxd3 Bc4 $11 {Komodo10}) 21. Ne4 Rfe8 (21... Qe6 22. Ng5 Qe8 23.
Bb5 Qe7 24. Rd2 $11 {Komodo10}) 22. Rfe1 $14 c4 23. Bc2 $16 Nb7 24. Qf2 (24.
Nd6 Nxd6 25. Rxd5 Nf5 26. Rxd8 Rxd8 27. Bxf5 gxf5 28. Qxc4 $16 {Komodo10}) (24.
Bf2 Be6 25. Ng5 Bd5 26. Ba4 Rf8 27. Bb5 Nc5 28. Bxc4 Bxc4 29. Qxc4 Ne6 30. Nxe6
Rxd1 31. Rxd1 Qxe6 32. Qxe6 fxe6 33. g3 $16 {Komodo10}) 24... Be6 (24... Qc7
25. Bd4 $16) 25. Bd4 (25. Nf6+ $1 Bxf6 26. exf6 Qf8 (26... Qxf6 27. Bd4 Qe7 (
27... Rxd4) 28. f5 $18 {Komodo10}) 27. Rxd8 Rxd8 28. f5 Bxf5 29. Bxf5 gxf5 30.
Qh4 $18 {Komodo10}) 25... h6 (25... Bg4 26. Rd2 Bf5 27. Ba4 $16 {Komodo10}) 26.
Nf6+ Bxf6 27. exf6 Qf8 $18 28. Rxe6 {looks good, but Bl has a resource at the
end of the line} (28. Qg3 Kh8 29. Bxg6 Rxd4 30. Rxd4 fxg6 31. Qxg6 Bf7 32. Rxe8
Bxe8 33. Qe4 Nc5 34. Qa8 Ne6 35. Rxc4 $18 {Komodo10}) (28. f5 Bxf5 (28... gxf5
29. Re3 $18) 29. Bxf5 gxf5 30. Re7 $1 Rxd4 31. Rxd4 Rxe7 32. fxe7 Qxe7 33. Qxf5
$18 {Komodo10}) 28... Rxe6 (28... Rxd4 29. Qxd4 (29. Rde1 Rxe6 30. Rxe6 Rd1+
31. Bxd1 fxe6 32. Bf3 Nc5 $11 {Komodo10})) 29. f5 Rxd4 30. Qxd4 Rd6 31. Qxc4
Rxd1+ 32. Bxd1 Qc5+ {ends the attack} (32... Nd6 33. Qc7 Nxf5 $11 {also}) 33.
Qxc5 Nxc5 34. fxg6 (34. Kf2) 34... fxg6 35. Kf2 Kf7 36. Ke3 Kxf6 37. Bc2 g5 38.
Kd4 Ke6 $11 1/2-1/2

[Event "32nd European Club Cup"]
[Site "Novi Sad"]
[Date "2016.11.12"]
[Round "7.30"]
[White "Menzies, Colin"]
[Black "Jones, Iolo C"]
[Result "1/2-1/2"]
[WhiteElo "2144"]
[BlackElo "2172"]
[Annotator "Rudy"]
[PlyCount "61"]
[EventDate "2016.11.06"]
[WhiteTeam "BUT"]
[BlackTeam "EDI"]

1. Nf3 Nf6 2. c4 e6 3. Nc3 d5 4. cxd5 exd5 5. d4 c6 6. g3 (6. Bg5 {main}) 6...
Bd6 7. Bg2 h6 (7... O-O) 8. O-O Bf5 (8... O-O) 9. a3 a5 10. Bf4 $146 (10. Re1)
(10. Nd2) 10... Bxf4 11. gxf4 O-O 12. Qb3 Ra7 (12... Ra6 13. Qxb7 Rb6 14. Qa7
Rxb2 $11 {Komodo10}) 13. Ne5 Nbd7 14. Rac1 Ng4 15. Na4 Qh4 16. Qg3 Qxg3 17.
hxg3 Ngf6 (17... Ngxe5 18. fxe5 g6 $11) 18. Nxd7 (18. f3 $14) 18... Nxd7 19.
Nc5 Nxc5 20. Rxc5 Re8 21. e3 a4 22. Rfc1 Ra6 23. Rd1 Kf8 24. Rd2 Raa8 25. Bf3
Ke7 26. Be2 Kd6 27. Bf1 Re7 (27... g5) 28. Bg2 h5 29. Bf3 g6 30. Kf1 Ree8 31.
Kg1 1/2-1/2

[Event "32nd European Club Cup"]
[Site "Novi Sad"]
[Date "2016.11.12"]
[Round "7"]
[White "Heap, Gerry"]
[Black "Bourached, Anthony"]
[Result "1-0"]
[WhiteElo "2060"]
[BlackElo "1941"]
[Annotator "Rudy"]
[PlyCount "63"]
[EventDate "2016.11.06"]
[WhiteTeam "EDI"]
[BlackTeam "BUT"]

1. Nf3 c5 2. c4 Nc6 3. g3 g6 4. Bg2 Bg7 5. Nc3 d6 (5... e6) 6. O-O Qd7 (6... e5
{main}) 7. Rb1 (7. e3 {main}) 7... b6 8. e3 (8. a3 Bb7 (8... Bxc3)) 8... Bxc3 (
8... Nh6 9. d4 Nf5 10. Ne2 e6 11. d5 exd5 12. Qxd5 Bb7 13. Qd2 O-O-O {
Seite-Pucher, Liffre op 2016,0-1}) 9. dxc3 (9. bxc3 Bb7 (9... e6 10. d3 Nge7
11. e4 Bb7 12. Bh6 f5 {Summerscale- Coleman, London Classic 2009,1/2-1/2}) 10.
d3 O-O-O 11. e4 e6 12. Qe2 {Angel Acosta-Solana Surez, Gran Canaria Dominguez
mem 2015, 1-0}) 9... f5 (9... Nf6) 10. e4 $16 fxe4 11. Ng5 Nf6 12. Nxe4 Nxe4
13. Bxe4 Qc7 (13... Bb7 14. Bh6 O-O-O) 14. Bh6 (14. b4) 14... Bd7 15. b4 O-O-O
16. a4 (16. Bf4) (16. bxc5) 16... Rhe8 17. a5 $16 Ne5 (17... Bf5) 18. axb6 $18
axb6 19. bxc5 Bc6 (19... bxc5 20. f4) 20. cxb6 $18 (20. Bd5 $18) 20... Qb7 21.
Bxc6 (21. Bd5) 21... Qxc6 22. Qd5 Nf3+ (22... Kb7) 23. Kg2 Qxd5 24. cxd5 Ne5
25. Bg7 (25. b7+ Kb8 26. Rb5) 25... Nc4 (25... Nd3) 26. Rb4 Na5 27. f4 (27. Ra4
Nb7 28. Ra7) 27... Kd7 28. f5 (28. Ra1) (28. b7) 28... Rc8 29. Bd4 Rc4 30. Rb5
(30. Ra1) 30... Nb7 (30... Ra4 31. f6 exf6 32. Rxf6 Nb7 33. Kf3) 31. fxg6 hxg6
32. Rf7 1-0